01254nac a22003011u 4500010001300000020002400013082001800037090001500055100003400070245014900104260006800253300002900321500001400350500003400364504004100398505014100439650002700580650004700607650001000654650003500664650001500699650004500714700002100759700003200780942002000812999001500832952010500847 a81016449 a0816610967 (v. 2) :00a305.26bM2773 c1713d1713 a20080729 00aResearch instruments in social gerontology /ceditors, David J. Mangen, Warren A. Peterson, with the assistance of Toshi Kii and Robert Sanders. aMinneapolis, MN :bUniversity of Minnesota Press,cc1982-c1984. aVol. 2, 557 p. ;c24 cm. aDonations aDonations - Dr. Mostafa Gouda aIncludes bibliographies and indexes.0 av. 1. Clinical and social psychology -- v. 2. Social roles and social participation -- v. 3. Health, program evaluation, and demography. 0aGerontologyxResearch. 0aOlder peoplexSocial conditionsxResearch. 0aAged. 0aSocial welfarezUnited States. 0aSociology. 0aHealth services researchzUnited States.1 aMangen, David J.1 aPeterson, Warren A.,d1922- cBBk305.26M2773 c1713d1713 00104070aMAINbMAINc1STd2007-12-06ePurchasel0o305.26 RESp000002604r2025-07-15 00:00:00yBB